000 00335nam a2200145Ia 4500
100 _aHarihar lal and others
942 _cBK
654 _aPhysics
245 _aApplied physics : waves optics etc
260 _bTata Mc Graw hill pub co
_aNew Delhi
_c1990
082 _a530
_bHAR
300 _a346
546 _aENGLISH
999 _c34432
_d34432